00474nam a2200121Ia 4500008004100000245015800041260003900199260000900238300000700247650002600254650001200280856006000292170516s9999 xx 000 0 und d aRole of dual energy spectral computed tomography in characterization of hepatocellular carcinoma: Initial experience from a tertiary liver care institute bEuropean Journal of Radiology Open c2016 a3: xRadiologic Technology xRadtech uhttp://www.sciencedirect.com/science/journal/23520477/3